Comunicacin̤ empresarial Plan estratǧico como herramienta gerencial

Detalles Bibliográficos
Autor Corporativo: Centro de Investigaciones de la Comunicacin̤ Corporativa Organizacional CICCO
Formato: eBook
Lenguaje:español
Publicado: Bogot ̀: Ecoe ediciones, 2012
Materias:
Acceso en línea:Acceso restringido

MARC

LEADER 00000nam a22000007a 4500
005 2012033006056.0
007 cr|||| ||||
008 120330s2012 co |||||s|||| 00||0 spa d
035 |a 6216 
040 |a vLex 
090 |c 3109  |d 3109 
245 0 0 |a Comunicacin̤ empresarial  |h [Recurso electrn̤ico] :  |b Plan estratǧico como herramienta gerencial 
256 |a Servicio en ln̕ea 
260 |a Bogot ̀:  |b Ecoe ediciones,  |c 2012 
300 |a 1 recurso electrn̤ico 
500 |a Uno de los mv̤iles de esta propuesta es precisamente el tratamiento inmediato y medit̀ico que se le da a los asuntos de la comunicacin̤ en la empresa por parte de la gerencia. La comunicacin̤ en la organizacin̤ no es un asunto que se pueda negociar, existe comunicacin̤ o no existe, este planteamiento deja clara la dimensin̤ gerencial que debe tener la comunicacin̤ en cualquier organizacin̤. El comunicador gerencial debe reconocer que su trabajo es pura gestin̤ y que del conocimiento del negocio, de su perspectiva sobre diversos temas y del lineamiento de estrategias para la consecucin̤ de objetivos depender ̀su reconocimiento profesional y como es lg̤ico, la obtencin̤ de beneficios en la empresa, por la va̕ de productos y/o servicios de calidad. Contenido: El comunicador y la organizacin̤. Humanizar la comunicacin̤, la mejor apuesta de la organizacin̤. El plan no es la estrategia. Ejecucin̤ del plan estratǧico de comunicaciones: de la planeacin̤ a la accin̤ con x̌ito. Anl̀isis estratǧico del entorno competitivo. Control estratǧico y mejoramiento continuo de la comunicacin̤ organizacional. Los retos del nuevo comunicador organizacional en las organizaciones de la sociedad de la informacin̤. Dimensin̤ estratǧica en la comunicacin̤ organizacional de las tecnologa̕s de informacin̤. 
650 0 4 |a Comunicacin̤ en la empresa 
650 0 4 |a Plan estratǧico 
710 1 |a Centro de Investigaciones de la Comunicacin̤ Corporativa Organizacional CICCO  
740 0 |a vLex Libros (Servicio en ln̕ea) 
856 4 0 |u http://vlex.com/source/comunicacion-empresarial-plan-estrategico-herramienta-gerencial-6216  |z Acceso restringido 
942 |c BOOK 
999 0 |a Business communication; Communication in organizations